Механизация пересадки деревьев зимой; Лесное хозяйство; № 12

Bibliographic Details
Parent link:Лесное хозяйство
№ 12.— 1962.— С. 55-57
Main Author: Алимов О. Д.
Language:Russian
Published: 1962
Subjects:
Format: Book Chapter
KOHA link:https://koha.lib.tpu.ru/cgi-bin/koha/opac-detail.pl?biblionumber=593658

MARC

LEADER 00000naa0a2200000 4500
001 593658
005 20241214162956.0
035 |a (RuTPU)RU\TPU\tpu\7250 
090 |a 593658 
100 |a 20011210d1962 k||u0rusy50 ca 
101 0 |a rus 
102 |a RU 
200 1 |a Механизация пересадки деревьев зимой  |f О. Д. Алимов 
461 |t Лесное хозяйство 
463 |t № 12  |v С. 55-57  |d 1962 
610 1 |a сельское хозяйство 
610 1 |a труды учёных ТПУ 
700 1 |a Алимов  |b О. Д. 
801 0 |a RU  |b 63413507  |c 20011210  |g PSBO 
801 2 |a RU  |b 63413507  |c 20090417  |g PSBO 
942 |c CR